Springs of Texas /

Bibliographic Details
Main Author: Brune, Gunnar M., 1914-
Format: Book
Language:English
Published: Arlington, TX : G. Brune, 1981-
Subjects:

MARC

Tag First Indicator Second Indicator Subfields
LEADER 00000cam a2200000 a 4500
001 in00000099176
005 20150924160007.0
008 820513m19819999txua b 00110 eng
010 |a  80071016  
020 |a 0960476601 
035 |a (OCoLC)07508014 
035 |9 AAL0051AM 
039 0 |a 2  |b 3  |c 3  |d 3  |e 3 
040 |a DLC  |c DLC  |d TXA  |d UtOrBLW 
043 |a n-us-tx 
049 |a TXAM  |v 1 [1562085] 
050 0 0 |a GB1198.3 T4  |b  B78 1981 
082 0 |a 333.91/04/09764  |2 19 
100 1 |a Brune, Gunnar M.,  |d 1914- 
245 1 0 |a Springs of Texas /  |c Gunnar Brune. 
264 1 |a Arlington, TX :  |b G. Brune,  |c 1981-  
264 3 |a Fort Worth, Tex. :  |b  Branch-Smith 
300 |a volumes :  |b illustrations (some color) ;  |c 29 cm. 
336 |a text  |b txt  |2 rdacontent 
337 |a unmediated  |b n  |2 rdamedia 
338 |a volume  |b nc  |2 rdacarrier 
500 |a "Envelope supplement" in volume 1 contains 9 folded maps. 
500 |a Includes index. 
500 |a Maps on lining papers. 
504 |a Bibliography: volume 1, pages 495-499. 
650 0 |a Springs  |z Texas. 
999 |a MARS 
999 f f |s b1400230-e2fc-3f05-888a-60d2dd5f4420  |i aa066c78-3b5c-30ad-a1ab-f76bfc7f12f5  |t 0 
952 f f |p ric  |a Texas A&M University  |b Rellis Campus  |c Joint Library Facility  |d Remote Storage  |t 0  |e GB1198.3 T4 B78 1981  |h Library of Congress classification  |i unmediated -- volume  |k v.1  |m A14806294612 
952 f f |p ric  |a Texas A&M University  |b Rellis Campus  |c Joint Library Facility  |d Remote Storage  |t 0  |e GB1198.3 T4 B78 1981  |h Library of Congress classification  |i unmediated -- volume  |m A14830144611 
998 f f |a GB1198.3 T4 B78 1981  |t 0  |l Remote Storage 
998 f f |a GB1198.3 T4 B78 1981  |s v.1  |t 0  |l Remote Storage